Países sem A no nome - Statistics

Estatísticas Gerais
  • Esse quiz foi jogado 823 vezes
  • A pontuação média é 19 de 25
Estatísticas das Respostas
Imagem Resposta % Correto
Chile
95%
Egito
92%
Chipre
91%
México
91%
Reino Unido
91%
Peru
88%
Kosovo
86%
Belize
79%
Fiji
79%
Luxemburgo
77%
Brunei
74%
Montenegro
73%
Níger
73%
República do Congo
73%
Togo
73%
Lesoto
71%
Iêmen
70%
Liechtenstein
70%
Seychelles
69%
Guiné
67%
Burundi
64%
Comores
63%
Benim
62%
Djibouti
61%
Timor Leste
61%
Nenhum quiz correspondente encontrado
Distribuição das Pontuações
Porcentagem de Pessoas com Cada Pontuação
Percentil de Números Respondidos
Sua Pontuação Histórica
Você não jogou esse quiz